|
|
|
|
| LEADER |
01381cas a2200241 a 4500 |
| 001 |
AALejournalIMF010439 |
| 008 |
230101c9999 xx r poo 0 0eng d |
| 020 |
|
|
|c 5.00 USD
|
| 020 |
|
|
|z 9781451935783
|
| 022 |
|
|
|a 0047-083X
|
| 040 |
|
|
|a BD-DhAAL
|c BD-DhAAL
|
| 110 |
2 |
|
|a International Monetary Fund.
|b External Relations Dept.
|
| 245 |
1 |
0 |
|a IMF Survey, Volume 32, Issue 04.
|
| 264 |
|
1 |
|a Washington, D.C. :
|b International Monetary Fund,
|c 2003.
|
| 300 |
|
|
|a 1 online resource (16 pages)
|
| 490 |
1 |
|
|a IMF Survey
|
| 500 |
|
|
|a <strong>Off-Campus Access:</strong> No User ID or Password Required
|
| 500 |
|
|
|a <strong>On-Campus Access:</strong> No User ID or Password Required
|
| 506 |
|
|
|a Electronic access restricted to authorized BRAC University faculty, staff and students
|
| 520 |
3 |
|
|a When IMF Deputy Managing Director Eduardo Aninat traveled to Latin America in January, he proposed a three-pronged self-help agenda for the continent that internalizes the lessons learned from the recent spate of crises. What follows are updated excerpts from remarks given at conferences at the University of Vina del Mar in Chile and at the central bank in Lima, Peru.
|
| 538 |
|
|
|a Mode of access: Internet
|
| 830 |
|
0 |
|a IMF Survey; IMF Survey ;
|v No. 0032/004
|
| 856 |
4 |
0 |
|z Full text available on IMF
|u http://elibrary.imf.org/view/journals/023/0032/004/023.0032.issue-004-en.xml
|z IMF e-Library
|